The Weeknd in 3 Words - Statistics

General Stats
  • This quiz has been taken 126 times
  • The average score is 6 of 10
Answer Stats
Hint Answer % Correct
Half past five The Hills
84%
Kisses ain't free Kiss Land
81%
Sin city's cold Blinding Lights
80%
Hush my child Red Terror
73%
Cause you're perfect Die For You
72%
Wanna embrace you Belong to the World
54%
My darkest truths Less Than Zero
52%
Pain and regret Lonely Star
51%
You were equestrian Wasted Times
43%
Baby it's OK Loft Music
41%
No matching quizzes found
Score Distribution
Percent of People with Each Score
Percentile by Number Answered
Your Score History
You have not taken this quiz